El régimen de autonomía constitucional de las universidades públicas
| Autor principal: | |
|---|---|
| Format: | Llibre |
| Idioma: | espanyol |
| Publicat: |
Costa Rica :
Instituto de Investigaciones Jurídicas,
2004
|
| Matèries: |
MARC
| LEADER | 00000nam a2200000Ia 4500 | ||
|---|---|---|---|
| 008 | 170829b2004 cr ||||| |||| 00| | spa d | ||
| 999 | |c 909 |d 909 | ||
| 020 | |a 9968-9521-9-4 | ||
| 090 | |a 06.03.06 |b 836 | ||
| 100 | |a Romero Pérez, Jorge Enrique | ||
| 245 | 1 | 3 | |a El régimen de autonomía constitucional de las universidades públicas |
| 260 | |a Costa Rica : |b Instituto de Investigaciones Jurídicas, |c 2004 | ||
| 300 | |a 84 páginas | ||
| 650 | 1 | 4 | |a EDUCACIÓN SUPERIOR |9 8 |
| 650 | 1 | 4 | |a AUTONOMÍA UNIVERSITARIA |9 1752 |
| 942 | |i 001445 |h 06.03.06 836 |2 z |c 01 | ||
